000 00438nam a22001457a 4500
020 _a78987965386
082 _a657
_bCBSE/A
100 _aCBSE
245 _aCBSE CHAPTERWISE AND TOPICWISE SOLVED PAPERS ACCOUNTANCY
_b2010-2018 FOR CLASS 12
260 _aAGRA
_bOSWAAL BOOKS
_c2018
300 _a480
520 _aPREVIOUS YEAR'S SOLVED PAPERS 2010-2018 WITH CBSE MARKING SCHEME ANWERS 2012-2017
650 _aCOMMERCE
_zINDIA
942 _cBK
999 _c7210
_d7210